000 00261nam a2200109Ia 4500
005 20251222153553.0
008 251222s9999||||xx |||||||||||||| ||spa||
082 _a813.52/W56
100 _a"Wilder, Thornton"
245 0 _aEl puente de San Luis Rey
942 _cLIB
999 _c30915
_d30915